Statistics for Fill in all the lyrics to a random Taylor Swift song with no hints #2

Click here to take the quiz!

General Stats

  • This quiz has been taken 39 times
  • The average score is 201 of 342

Answer Stats

Answer% Correct
I
100%
a
97%
you
97%
You
97%
the
89%
an
84%
And
82%
it
82%
It
82%
in
79%
love
79%
me
79%
We
79%
is
76%
be
74%
of
74%
your
74%
to
71%
When
71%
Like
68%
like
68%
my
66%
thing
66%
was
66%
You're
66%
for
63%
hear
63%
one
63%
they
63%
this
63%
This
63%
could
61%
Just
61%
men
61%
that
61%
if
58%
I'm
58%
know
58%
up
58%
by
55%
our
55%
But
53%
gonna
53%
Now
53%
some
53%
all
50%
Oh
50%
said
50%
With
50%
cowboy
47%
had
47%
their
47%
way
47%
again
45%
car
45%
got
45%
here
45%
I've
45%
never
45%
Never
45%
Only
45%
Takes
45%
those
45%
wanted
45%
Dancing
42%
court
42%
I'd
42%
down
42%
I'd
42%
I'll
42%
life
42%
sleeve
42%
tennis
42%
things
42%
tricks
42%
wanna
42%
asked
39%
dance
39%
dangerous
39%
Eyes
39%
fancy
39%
from
39%
fuck
39%
have
39%
thought
39%
airport
37%
bar
37%
covered
37%
dark
37%
Forever
37%
game
37%
good
37%
hard
37%
pay
37%
Perched
37%
Telling
37%
tent
37%
waiting
37%
about
34%
did
34%
folks
34%
old
34%
rich
34%
skeletons
34%
anything
32%
bandit
32%
both
32%
closets
32%
full
32%
meet
32%
phone
32%
Plotted
32%
sitting
32%
stars
32%
stories
32%
sweetest
32%
Babylon
29%
before
29%
beneath
29%
con
29%
forward
29%
Gardens
29%
hang
29%
Hustling
29%
lips
29%
locked
29%
Really
29%
bed
26%
believe
26%
boots
26%
ladies
26%
lunching
26%
passed
26%
swindled
26%
through
26%
town
26%

Score Distribution

Percentile by Number Answered

Percent of People with Each Score

Your Score History

You have not taken this quiz